| 000 | 00551nam a2200181Ia 4500 | ||
|---|---|---|---|
| 003 | GCL | ||
| 008 | 140319s9999 xx 000 0 ara d | ||
| 040 |
_aGCL / _cGCL |
||
| 082 | 0 | 4 |
_a812.9 _bو ح |
| 100 | 1 | _aوليد منير | |
| 245 | 1 | 0 |
_aحفل لتتويج الدهشة ومسرحيات شعرية اخرى / _cوليد منير |
| 300 | _a179 ص | ||
| 490 |
_aالمسرح العربى _v0 |
||
| 650 | 0 | 4 | _aالشعر المسرحى |
| 650 | 0 | 4 | _aالشعر التمثيلى |
| 650 | 0 | 4 | _aالمسرحيات العربية |
| 942 |
_2ddc _cBK |
||
| 999 |
_c37523 _d37523 |
||